21 Ways Not to Get 'Lice' Quiz Stats

Quiz Updated Jul 6, 2017

Challenge
Share
Tweet
Embed
Score 0/21 Timer 01:30
5 Plays Today
% Correct
Mice
97%
Dice
96.4%
Lace
95.4%
Rice
94.8%
Nice
94.1%
Luce
87.2%
Lime
86.9%
Line
86%
Bice
85.6%
Vice
82.5%
Lite
82.2%
% Correct
Pice
81.6%
Like
80.9%
Lire
78.4%
Life
76%
Sice
75.1%
Fice
73.6%
Lipe
73.4%
Live
73%
Lick
67.4%
Lich
53.9%

You're not logged in!

Compare scores with friends on all Sporcle quizzes.
Sign Up with Email
OR
Log In

You Might Also Like...

Show Comments

Extras

Top Quizzes Today


Score Distribution

Your Account Isn't Verified!

In order to create a playlist on Sporcle, you need to verify the email address you used during registration. Go to your Sporcle Settings to finish the process.